Výsledky radionuklidové ventrikulografie v korelaci s echokardiografií a angiografií

Bibliographic Details
Main Authors: Brousil, Jindřich, 1931- (Author), Bělohlávek, Otakar (Author), Foltýnová, Valéria (Author), Bělohlávek, Marek (Author), Skřivánek, Jiří (Author), Keclík, Richard (Author)
Format: Article
Language:Slovak
Czech
PhysicalDescription:Tab. 6, res. angl., češ., lit. 29 zázn. v angl., češ., nem.
Subjects:

MARC

LEADER 00000nab a2200000 a 4500
001 vtls000509698
003 SK-MaSNL
005 20260304092033.0
008 250425c1993 xo 0 slo
015 |a SNBRB19rr/mm-uuuuu 
035 |a CL0509836 
035 |a urn:nbn:sk:snk-abcpd 
035 |a (urnnbn)urn:nbn:sk:snk:ar-a03erh 
035 |a (uuid)da1a2aa4-61d0-4de5-a931-46118185edeb 
040 |a SNKBUCL  |b slo  |c SNKBUCL  |e AACR2 
041 0 |a cze 
044 |a xo  |c SK 
080 |a 616.12-073.75  |2 1981 
080 |a 616.13-073.97  |2 1981 
245 0 0 |a Výsledky radionuklidové ventrikulografie v korelaci s echokardiografií a angiografií  |c Jindřich Brousil, Otakar Bělohlávek, Valéria Foltýnová, Marek Bělohlávek, Jiří Skřivánek, Richard Keclík 
300 |b Tab. 6, res. angl., češ., lit. 29 zázn. v angl., češ., nem. 
650 0 7 |a ventrikulografia rádionuklidová  |2 snkbucl  |9 1307211 
650 0 7 |a echokardiografia  |2 snkbucl  |9 2456 
650 0 7 |a angiografia  |2 snkbucl  |9 16228 
655 7 |a články z novín a časopisov  |2 snkbucl  |9 267496 
700 1 |a Brousil, Jindřich,  |d 1931-  |4 aut  |9 11661 
700 1 |a Bělohlávek, Otakar  |4 aut  |9 381554 
700 1 |a Foltýnová, Valéria  |4 aut  |9 1385215 
700 1 |a Bělohlávek, Marek  |4 aut  |9 1385216 
700 1 |a Skřivánek, Jiří  |4 aut  |9 1385217 
700 1 |a Keclík, Richard  |4 aut  |9 1385218 
773 0 |t Bratislavské lekárske listy  |g Roč. 94, č. 7 (1993), s. 386-391 
850 |a Slovenská národná knižnica 
852 |a Slovenská národná knižnica 
954 |a odborná, vedecká literatúra cudzojazyčná (svetová)  |2 lita 
958 |a article27 
958 |a NB 
958 |a RK 
958 |a MI 
958 |a OND 
958 |a EUIPO 
992 |a RBX 
999 |c 2817830  |d 2819760